000 00719nam a2200229 a 4500
005 20240228063849.0
008 031027s1993 mx r 000 0 spa d
020 _a9681641124
035 _aUPN01000130423
049 _aI
050 4 _aPZ71
_bO7.3
100 1 _aOram, Hiawyn,
_d1946-
_936877
245 1 0 _aEn el desván /
_cHiawyn Oram ; il. Satoshi Kitamura.
260 _aMéxico :
_bFCE,
_c1993.
300 _a[26] p. :
_bprincipalmente il. col.
440 4 _aLos especiales de a la orilla del viento
534 _pTraducción de:
_tIn the attic
650 4 _aCuentos infantiles
_96744
650 4 _aLibros y lectura para niños
_92290
700 1 _aKitamura, Satoshi,
_d1956-
_eil.
_933149
905 _aInfantil
999 _c102580
_d102580